Operación susto a la hermana / (Registro nro. 11649)

Detalles MARC
000 -LIDER
fixed length control field 01057nam a22003017a 4500
001 - NÚMERO DE CONTROL
Identificador de número de control 000588
003 - IDENTIFICACDOR DE NÚMERO DE CONTROL
control field DO-SdBNP
005 - DATE AND TIME OF LATEST TRANSACTION
control field 20180130155242.0
007 - CAMPOS FIJOS DE DESCRIPCIÓN FÍSICA
fixed length control field 000588
008 - ELEMENTOS DE LONGITUD FIJA
fixed length control field 161020b 2000 sp a ||||| |||| 00| 0 spa d
020 ## - ISBN
International Standard Book Number 8422681595
040 ## - FUENTE DE CATALOGACIÓN
Agencia que crea de manera original el registro BPMSU
Idioma de catalogación spa
Agencia que realiza la transcripción BPMSU
041 17 - CÓDIGOS DE OBRAS TRADUCIDAS O EN VARIOS IDIOMAS
Código del idioma del texto/archivo de sonido o separata spa
Cód. del idioma original y/o traducciones intermedias del texto ale
082 ## - NÚMERO DE CLASIFICACIÓN DECIMAL DE DEWEY
Classification number xxxx
Item number xxxx
100 1# - ASIENTO PRINCIPAL -- NOMBRE PERSONAL
Nombre personal Brezina, Thomas,
Fechas asociadas con el nombre 1963-
240 10 - TITULO UNIFORME
Título uniforme Alle meine Monster unternehemen schwesternschreck.
Idioma de una obra Español
245 10 - MENCIÓN DE TITULO
Título Operación susto a la hermana /
Mención de responsabilidad Thomas Brezina ; ilustraciones de Bernhard Förth ; traducción del alemán, José Antonio Santiago-Tagle.
260 ## - PUBLICACIÓN, DISTRIBUCIÓN, ETC. (PIE DE IMPRENTA)
Lugar de publicación, distribución, etc Barcelona,
Nombre del editor, distribuidor, etc. Círculo de Lectores
Fecha de publicación, distribución, etc 2000.
300 ## - DESCRIPCIÓN FÍSICA
Extensión 121 p. :
Otros detalles físicos il. ;
Dimensiones 20 cm.
490 1# - MENCIÓN DE SERIES
Mención de serie Todos mis monstruos.
500 ## - NOTA GENERAL
Nota general Traducción de: Alle meine Monster unternehemen schwesternschreck
700 12 - ASIENTO SECUNDARIO -- NOMBRE PERSONAL
Nombre personal Förth, Bernhard,
Mención de responsabilidad il.
700 12 - ASIENTO SECUNDARIO -- NOMBRE PERSONAL
Nombre personal Santiago-Tagle, José Antonio,
Mención de responsabilidad tr.
830 #0 - ASIENTO SECUNDARIO DE SERIE--TÍTULO UNIFORME
Título uniforme Todos mis monstruos.
942 ## - ADDED ENTRY ELEMENTS (KOHA)
Source of classification or shelving scheme Dewey Decimal Classification
Koha item type Libros
945 ## - INFORMACIÓN DE PROCESAMIENTO LOCAL
Información de procesamiento local Inventariado, 2018/ YL
956 ## - LOCAL ELECTRONIC LOCATION AND ACCESS (OCLC)
Método de acceso LOPEREZ
Materiales especificados 10
Enlace 20161021
Campo enlazado y núm. de secuencia BPMSU
Nombre de host 00041
Existencias
Withdrawn status Lost status Source of classification or shelving scheme Damaged status Not for loan Collection code Home library Current library Date acquired Source of acquisition Total Checkouts Full call number Barcode Date last seen Price effective from Koha item type
    Dewey Decimal Classification     Colección Juvenil General Biblioteca Pública Metropolitana Salomé Ureña Biblioteca Pública Metropolitana Salomé Ureña 10/21/2016 FUNDI   xxxx xxxx BPMSU16100325 10/21/2016 10/21/2016 Libros